Μαθήματα γενικής γεωργίας
Αποθηκεύτηκε σε:
| Κύριος συγγραφέας: | |
|---|---|
| Μορφή: | Βιβλίο |
| Γλώσσα: | Greek |
| Δημοσίευση: |
Θεσσαλονίκη :
Σύγχρονη Παιδεία,
2009
|
| Θέματα: | |
| Ετικέτες: |
Προσθήκη ετικέτας
Δεν υπάρχουν, Καταχωρήστε ετικέτα πρώτοι!
|
MARC
| LEADER | 00000nam a2200000 i 4500 | ||
|---|---|---|---|
| 001 | 1/40492 | ||
| 008 | 140122s2009 gre d | ||
| 020 | |a 978-960-357-088-2 | ||
| 035 | |l 10116396 | ||
| 040 | |a GR-MY-UA |b gre |e aacr | ||
| 041 | 0 | |a gre | |
| 082 | 0 | |a 631 |2 (23) | |
| 100 | 1 | |a Δόρδας, Χρήστος. | |
| 245 | 1 | 0 | |a Μαθήματα γενικής γεωργίας / |c Χρήστος Δόρδας |
| 260 | |a Θεσσαλονίκη : |b Σύγχρονη Παιδεία, |c 2009 | ||
| 300 | |a 343 σ.; |b εικ., πίν.; |c 24 εκ. | ||
| 504 | |a Βιβλιογραφία σ.341-343 | ||
| 650 | 0 | 0 | |a Agriculture. |
| 650 | 0 | 0 | |a Crops and soils. |
| 650 | 0 | 0 | |a Plants |x Effect of atmospheric deposition on. |
| 650 | 0 | 0 | |a Plants |x Nutrition. |
| 852 | |a INST |b LEMNOS |c EUDOXUS |e 20140122 |h 631 ΔΟΡ |p 005600000904 |q 005600000904 |t EDX |y 0 | ||
| 901 | |a BIBL6-2014-1 | ||
| 909 | |a Μ |b 161172 | ||
| 920 | |a ΕΥΔΟΞΟΣ |b ΠΑΡΑΓΓΕΛΙΑ |y ΛΗΜΝΟΣ-ΤΕΤΔ |z 2014-01 | ||
| 922 | |a 6ΕΛΗ | ||
| 970 | |a ΜΟΣΧΟΒΗ |b ΕΥΑΓΓΕΛΙΑ |z 2014/01/22 | ||